Biggest Cities by Decade (1700-1790) - Statistics

General Stats
  • This quiz has been taken 73 times
  • The average score is 56 of 70
Answer Stats
Year Rank Population Answer % Correct
5. 570,000 London
97%
5. 610,000 London
97%
5. 630,000 London
97%
4. 640,000 London
97%
4. 640,000 London
97%
3. 650,000 London
97%
3. 690,000 London
97%
2. 730,000 London
97%
2. 770,000 London
97%
2. 810,000 London
97%
6. 530,000 Paris
97%
6. 510,000 Paris
97%
6. 510,000 Paris
97%
6. 530,000 Paris
97%
5. 540,000 Paris
97%
5. 550,000 Paris
97%
5. 580,000 Paris
97%
5. 590,000 Paris
97%
5. 620,000 Paris
97%
5. 660,000 Paris
97%
4. 650,000 Beijing
91%
3. 700,000 Beijing
91%
1720 1. 750,000 Beijing
91%
1730 1. 800,000 Beijing
91%
1740 1. 850,000 Beijing
91%
1750 1. 900,000 Beijing
91%
1760 1 940,000 Beijing
91%
1770 1. 980,000 Beijing
91%
1780 1. 1,000,000 Beijing
91%
1790 1. 1,000,000 Beijing
91%
2. 750,000 Constantinople
84%
2. 720,000 Constantinople
84%
3. 700,000 Constantinople
84%
3. 670,000 Constantinople
84%
3. 650,000 Constantinople
84%
4. 620,000 Constantinople
84%
4. 610,000 Constantinople
84%
4. 600,000 Constantinople
84%
6. 590,000 Constantinople
84%
6. 580,000 Constantinople
84%
3. 680,000 Edo
81%
4. 690,000 Edo
81%
4. 690,000 Edo
81%
2. 690,000 Edo
81%
2. 690,000 Edo
81%
2. 690,000 Edo
81%
2. 690,000 Edo
81%
3. 690,000 Edo
81%
3. 680,000 Edo
81%
4. 680,000 Edo
81%
7. 400,000 Delhi
76%
7. 400,000 Guangzhou
59%
6. 480,000 Guangzhou
59%
6. 560,000 Guangzhou
59%
4. 640,000 Guangzhou
59%
3. 720,000 Guangzhou
59%
7. 400,000 Naples
59%
7. 380,000 Osaka
57%
7. 390,000 Osaka
57%
7. 400,000 Osaka
57%
7. 400,000 Osaka
57%
6. 410,000 Osaka
57%
7. 400,000 Osaka
57%
7. 400,000 Osaka
57%
7. 390,000 Osaka
57%
1700 1. 900,000 Dhaka
36%
1710 1. 850,000 Dhaka
36%
2. 710,000 Dhaka
36%
5. 570,000 Dhaka
36%
6. 440,000 Dhaka
36%
No matching quizzes found
Score Distribution
Percent of People with Each Score
Percentile by Number Answered
Your Score History
You have not taken this quiz